000 00747nam a2200205Ii 4500
003 JO-AjNU
008 230605s9999||||xx |||||||||||||| ||und||
040 _aJO-AjNU
_bara
_erda
_cJO-AjNU
041 _aara
050 1 4 _aKMM49.S47.2005
100 3 _aالسرحان ، عدنان ابراهيم ,
_eauthor
_953010
245 0 0 _aشرح القانون المدني : مصادر الحقوق الشخصية ( الإلتزامات) " دراسة مقارنة "
250 _aط1
264 3 1 _aعمان : دار الثقافة ،2005
300 _a570ص
336 _atext
_btxt
_2rdacontent
337 _aunmediated
_bn
_2rdamedia
338 _avolume
_bnc
_2rdacarrier
650 4 _aالقانون المدني -- حقوق شخصية
_953011
999 _aA23516
_c27084
_d27084